书目信息 |
| 书名: | Sephradic and Mizrahi Jewry | |
| 作者: | Zion Zohar : | |
| 分册号: | ||
| 分册名: | 出版地: | New York : |
|
| 出版社: | New York University Press | |
| 出版时间: | 2005. | |
| 页数: | 343 p. ; | |
| 开本: | 20cm. | |
| 丛书名: | ||
| 中图分类号: | ||
| 科图分类号: | ||
| 其他分类号: | K551.3 | |
| 主题词: | ||
| 电子资源: | ||
| 000 | 00441nam 2200145 a 4500 | |
| 001 | E0759460067 | |
| 005 | 20070709163405.21 | |
| 008 | 070709s2005 00010 eng | |
| 020 | @a0-8147-9706-7. | |
| 040 | @aPFT@beng | |
| 090 | @aK551.3 | |
| 099 | @dK551.3@ex5 | |
| 245 | @aSephradic and Mizrahi Jewry / @cZion Zohar :@bFrom the Golden Age of Spain to Modern Times. | |
| 260 | @aNew York :@bNew York University Press,@c2005. | |
| 300 | @a343 p. ;@c20cm. | |
| Sephradic and Mizrahi Jewry / / Zion Zohar : : From the Golden Age of Spain to Modern Times.-New York : : New York University Press, , 2005. |
| 343 p. ; ; 20cm. |
| ISBN 0-8147-9706-7. |
| ● |
| 相关链接 |
|
|
|
|
正题名:Sephradic and Mizrahi Jewry
索取号:K551.3/x5
 
预约/预借
| 序号 | 登录号 | 条形码 | 馆藏地/架位号 | 状态 | 备注 |
| 1 | 0011617 | 300116176 | 第二样本阅览室/ [索取号:K551.3/x5] | 在馆 |